| 000 | 00496 a2200169 4500 | ||
|---|---|---|---|
| 003 | Nust | ||
| 005 | 20230131092956.0 | ||
| 040 | _cNust | ||
| 082 | _a796.358,BAI | ||
| 100 |
_aCharles Bruce _9108144 |
||
| 245 |
_aCrickters in the making / _cTrevor Bailey |
||
| 260 |
_aLondon _bPastmans _c1951 |
||
| 300 | _a350 p.: | ||
| 505 | _aPart.1: Batting (Page-13), Part.2: Bowling (Page-48), Part III: Fielding (Page-86). | ||
| 650 |
_aCrickters in the making _9108145 |
||
| 942 |
_2ddc _cBK _k796.358,BAI |
||
| 999 |
_c185237 _d185237 |
||